College Football Traditional Bowl Games - Statistics

General Stats
  • This quiz has been taken 69 times
  • The average score is 13 of 28
Answer Stats
Year Started Bowl Game % Correct
1902 Rose Bowl
95%
1935 Orange Bowl
88%
1937 Cotton Bowl Classic
82%
1935 Sugar Bowl
79%
1968 Peach Bowl
75%
1971 Fiesta Bowl
74%
1934 Sun Bowl
56%
1946 Citrus Bowl
53%
1945 Gator Bowl
53%
1959 Liberty Bowl
46%
2010 Pinstripe Bowl
46%
2002 Hawaii Bowl
44%
2021 LA Bowl
44%
1978 Holiday Bowl
42%
2006 Texas Bowl
42%
1993 Alamo Bowl
39%
1998 Music City Bowl
39%
1976 Independence Bowl
35%
2014 Bahamas Bowl
30%
2021 Fenway Bowl
30%
2015 Arizona Bowl
28%
1992 Las Vegas Bowl
28%
2006 New Mexico Bowl
28%
2001 New Orleans Bowl
23%
2014 Boca Raton Bowl
16%
2015 Cure Bowl
16%
2017 Frisco Bowl
14%
2020 Myrtle Beach Bowl
12%
No matching quizzes found
Score Distribution
Percent of People with Each Score
Percentile by Number Answered
Your Score History
You have not taken this quiz